| 000 | 00427nam a2200169Ia 4500 | ||
|---|---|---|---|
| 008 | 151213s9999 xx 000 0 und d | ||
| 020 | _a98470090008-9 | ||
| 100 | _aS.H.Rahman Karzon | ||
| 245 |
_aThe Critical and Applied Criminology _cS.H.Rahman Karzon |
||
| 250 | _a1st | ||
| 260 |
_aDhaka _bPalal Prokashoni _c2008 |
||
| 300 | _a7876 p. | ||
| 650 | _aLaw | ||
| 650 | _aLaw | ||
| 700 | _aS.H.Rahman Karzon | ||
| 999 |
_c4046 _d4046 |
||